{"text_format":"3","workbook":"xls","n_sheets":4,"sheets":["汇总表","1#桥","吊桥","电梯结构"],"not_rendered":{"images":2,"external_links":1,"defined_names":4},"read":"whole","date_system":"1900","formulas":"cached_only"}

{"sheet":"汇总表","index":0,"n_rows":12,"n_cols":6,"rows_kept":12,"merged":[[0,0,0,5],[8,0,8,5],[9,0,9,5],[10,0,10,5],[11,0,11,5]],"flags":["formulas_cached_only"]}
["2023年“P”项目桥梁及电梯结构工程工程量清单与报价汇总表"]
["序号","项目名称","全费用控制价\n（元）","班组所报全费用价格合计(元）","其中：主要材料费用合计(元）","备注"]
[1,"1#桥",{"v":26702977.5,"d":"26,702,977.50"},{"v":0,"d":"0.00"},{"v":0,"d":"0.00"}]
[2,"吊桥",{"v":400593.88,"d":"400,593.88"},{"v":0,"d":"0.00"},{"v":0,"d":"0.00"}]
[3,"电梯钢结构",{"v":1724985.1,"d":"1,724,985.10"},{"v":0,"d":"0.00"},{"v":0,"d":"0.00"}]
[4,"完成桥梁及电梯结构安装的所有措施费",{"v":800000,"d":"800,000.00"},null,"/","包括但不限于经发包人审批合格的施工方案相关措施费及以下内容：\n1.由于施工受行车、行人干扰的影响，导致人工、机械效率降低而增加的费用；\n2．为保证行车、行人的安全，现场增设维护交通与疏导人员而增加的人工费用；\n3.包括施工便道整改（为满足自身施工条件，在原有施工便道（机耕道）上进行必要施工道路清理及修整等）、需要搭设的脚手架、支架区域的砼地面硬化及拆除，支架的搭拆、运输，支架的租赁和使用费，临时支墩制作整改和搬迁、支墩垫（钢）板费用等，即：投标人应根据设计图及企业自身实力，综合考虑搭设支墩的做法以及涉及的相关费用；\n4.破除及恢复：云峰路临时支墩施工过程中对既有路面、基层、标线和人行道路面、基层的破坏和修复；桥梁承台开挖后的边坡防护措施、防排水措施等费用；\n5.钢筋加工棚：按规范要求搭设，成品钢筋棚一个6*9米，地面硬化现场已完成；\n6.编写桥梁工程专项施工方案并通过专家论证，费用由投标人承担；\n7.临时支墩及临时施工措施方案的论证等费用；\n8.此项总价包干，不因任何原因进行价格调整。"]
[5,"大型机械进出场及安拆",{"v":50000,"d":"50,000.00"},null,"/","1.机械设备名称、型号：投标人综合自身施工组织能力考虑机械型号、数量等；\n2.机械多次进场、出场费用已含在该单价中；\n3.此项总价包干，不因任何原因进行价格调整。"]
[6,"合计：",{"v":29678556.48,"d":"29,678,556.48"},{"v":0,"d":"0.00"},{"v":0,"d":"0.00"}]
["报价单位名称（公章）："]
["法人或委托人姓名及电话："]
["时间："]
["特别说明：\n1、工程招标和分包范围：本工程所属范围的1#桥、吊桥、电梯结构施工。包括：本工程设计施工图、图纸会审、设计变更、技术核定单中的桥梁工程所有施工工作内容。桥梁的3mm厚穿孔铝单板曲面造型、桥梁的栏杆均包含在本次招标范围内，投标人需实施栏杆及装饰板预埋件；\n2.投标人根据施工工艺、工序及国家现行规范自行踏勘现场后综合考虑进行报价，结算时不作调整;\n3.全费用综合单价包含人工费、所有材料费（含辅材和周转材料费）、机械设备费、工具器具费、临时设施及措施费、大型机械进出场及场内转运费、下车费、吊装费、规费、管理费、配合费、安全文明施工费、以及各种风险费、保险费、施工过程中办理的各种手续费、降水费、排水费、各种检测费、利润、税费等完成该工作所需的全部费用，结算时无论涨跌、工程量增减或其它任何风险因素，均不作调整。\n4.施工现场无临时用电，施工中所用临时用电的发电机、配电箱、用电线路、开关箱、机具等由乙方自行综合考虑，所需材料、设备及安、拆费用均包含在综合单价中。                                                                                                                                        5.工程涉及的现场焊缝探伤和防雷接地等相关检测费用，投标人综合考虑在报价内，由投标人承担。                                                                                            \n6.钢结构和钢筋砼结构以及周转性钢结构支撑所需脚手架费用，投标人综合考虑包含在报价内，不再单独计费。                                                                                                                                                                                    7、甲供材料的到场下车、场内运输、保管均有投标人负责，费用包含在报价内。                                                                                                                                  8.涉及危大工程进行专家论证所发生的相关费用由投标人承担。"]

{"sheet":"1#桥","index":1,"n_rows":54,"n_cols":13,"rows_kept":54,"merged":[[0,0,0,12],[1,0,2,0],[1,1,2,1],[1,2,2,2],[1,3,2,3],[1,4,2,4],[1,5,1,11],[1,12,2,12],[3,1,3,2],[7,1,7,2],[8,1,8,2],[20,1,20,2],[21,1,21,2],[30,1,30,2],[31,1,31,2],[35,1,35,2],[36,1,36,2],[44,1,44,2],[51,1,51,2],[52,1,52,2],[53,0,53,12]],"flags":["formulas_cached_only"]}
["2023年“P”项目1#桥梁工程量清单与报价表"]
["序号","项目名称","项目特征","计量\r\n单位","工程量","金额（元）",{"$nulls":6},"备注"]
["","","","","","全费用单价限价","合价","班组所报劳务单价（含材料制作、安装、辅材等费用，含3%普票）","班组所报主要材料单价（不含材料制作加工费用，含损耗、含13%专票）","劳务+材料单价合计（即：班组所报全费用单价）","全费用单价合价","其中：主要材料费用合价"]
[" ","土石方工程 ",""," "," ","",""]
["1","挖基坑土石方","1.土石类别：各类土、石(含淤泥)综合，以及现场建(废)渣综合\n2.基础类型：综合\n3.开挖或开凿深度：综合，满足设计要求\n4.基底摊座要求：现行施工技术、质量验收规范要求，费用包含在报价内\n5.土石方开挖方式：综合，由投标人综合考虑\n6.土、石渣上车及场内运输：多余土方运至项目部指定场内位置（运距3km以内），运输方式由投标人综合考虑，费用包含在报价内\n7.做法：满足设计及现行施工技术、质量验收规范要求","m3",1300,{"v":18,"d":"18.00"},{"v":23400,"d":"23400.00"},null,"/",{"v":0,"d":"0.00"},{"v":0,"d":"0.00"},"/"]
["2","场内取土回填方","1.填方材料品种：综合，但需满足设计要求\n2.密实度：回填土分层夯填，压实系数满足设计要求\n3.回填土来源及场内外运输方式、运距：场内项目部指定位置取土（运距3km以内），\n4.做法：满足设计及现行施工技术、质量验收规范要求","m3",300,{"v":7,"d":"7.00"},{"v":2100,"d":"2100.00"},null,"/",{"v":0,"d":"0.00"},{"v":0,"d":"0.00"},"/"]
["3","余方外弃（含弃置费）","1.废弃料品种：土方、石方综合（含淤泥），以及现场建(废)渣综合\n2.弃土、石（渣）场及场外运距：投标人自行踏勘现场考虑、自主确定弃土、石场及运距（含弃渣、土、石场费用、弃土费、装车费、卸车费）\n3.做法：满足设计及现行施工技术、质量验收规范要求                                                                                                                                                               4.土石方是否外弃需经项目部现场收方确认。","m3",1000,{"v":20,"d":"20.00"},{"v":20000,"d":"20000.00"},null,"/",{"v":0,"d":"0.00"},{"v":0,"d":"0.00"},"/"]
[" ","分部小计 ",""," "," ","",{"v":45500,"d":"45500.00"},{"$nulls":3},{"v":0,"d":"0.00"},{"v":0,"d":"0.00"}]
[" ","桥涵工程 ",""," "," ","",""]
[4,"混凝土垫层 C20商品砼（承台）","1.混凝土强度等级：C20商品砼（混凝土甲供）\n2.吊车等相关机械费用、辅材以及相关措施费用由投标人自行考虑，包含在综合单价内\n3.砼现场泵送采用的机械种类及方式：投标人自行确定，泵送费用和泵送运距已综合考虑在单价中\n4.做法：满足设计及现行施工技术、质量验收规范要求","m3",35,{"v":60,"d":"60.00"},{"v":2100,"d":"2100.00"},null,"/",{"v":0,"d":"0.00"},{"v":0,"d":"0.00"},"/"]
[5,"混凝土承台 C30商品砼","1.混凝土强度等级：C30商品砼（混凝土甲供）\n2.吊车等相关机械费用、辅材以及相关措施费用由投标人自行考虑，包含在综合单价内\n3.砼现场泵送采用的机械种类及方式：投标人自行确定，泵送费用和泵送运距已综合考虑在单价中\n4.做法：满足设计及现行施工技术、质量验收规范要求","m3",990,{"v":70,"d":"70.00"},{"v":69300,"d":"69300.00"},null,"/",{"v":0,"d":"0.00"},{"v":0,"d":"0.00"},"/"]
[6,"混凝土桥台 C40商品砼","1.混凝土强度等级：C40商品砼（混凝土甲供）\n2.吊车等相关机械费用、辅材以及相关措施费用由投标人自行考虑，包含在综合单价内\n3.砼现场泵送采用的机械种类及方式：投标人自行确定，泵送费用和泵送运距已综合考虑在单价中\n4.做法：满足设计及现行施工技术、质量验收规范要求","m3",60,{"v":70,"d":"70.00"},{"v":4200,"d":"4200.00"},null,"/",{"v":0,"d":"0.00"},{"v":0,"d":"0.00"},"/"]
[7,"混凝土系梁 C30商品砼","1.混凝土强度等级：C30商品砼（混凝土甲供）\n2.吊车等相关机械费用、辅材以及相关措施费用由投标人自行考虑，包含在综合单价内\n3.砼现场泵送采用的机械种类及方式：投标人自行确定，泵送费用和泵送运距已综合考虑在单价中\n4.做法：满足设计及现行施工技术、质量验收规范要求","m3",150,{"v":70,"d":"70.00"},{"v":10500,"d":"10500.00"},null,"/",{"v":0,"d":"0.00"},{"v":0,"d":"0.00"},"/"]
[8,"混凝土柱（含接桩） C30商品砼","1.混凝土强度等级：C30商品砼（混凝土甲供）\n2.吊车等相关机械费用、辅材以及相关措施费用由投标人自行考虑，包含在综合单价内\n3.砼现场泵送采用的机械种类及方式：投标人自行确定，泵送费用和泵送运距已综合考虑在单价中\n4.做法：满足设计及现行施工技术、质量验收规范要求","m3",300,{"v":70,"d":"70.00"},{"v":21000,"d":"21000.00"},null,"/",{"v":0,"d":"0.00"},{"v":0,"d":"0.00"},"/"]
[9,"混凝土 C30微膨胀砼（Y型桥墩钢柱内灌注）","1.混凝土强度等级：C30微膨胀砼（混凝土甲供）\n2.吊车等相关机械费用、辅材以及相关措施费用由投标人自行考虑，包含在综合单价内\n3.砼现场泵送采用的机械种类及方式：投标人自行确定，泵送费用和泵送运距已综合考虑在单价中\n4.做法：满足设计及现行施工技术、质量验收规范要求","m3",550,{"v":70,"d":"70.00"},{"v":38500,"d":"38500.00"},null,"/",{"v":0,"d":"0.00"},{"v":0,"d":"0.00"},"/"]
[10,"混凝土桥墩 C35自密实混凝土（V型钢桥墩内灌注）","1.混凝土强度等级：C35自密实品砼（混凝土甲供）\n2.吊车等相关机械费用、辅材以及相关措施费用由投标人自行考虑，包含在综合单价内\n3.砼现场泵送采用的机械种类及方式：投标人自行确定，泵送费用和泵送运距已综合考虑在单价中\n4.做法：满足设计及现行施工技术、质量验收规范要求","m3",100,{"v":70,"d":"70.00"},{"v":7000,"d":"7000.00"},null,"/",{"v":0,"d":"0.00"},{"v":0,"d":"0.00"},"/"]
[11,"混凝土盖梁 C40商品砼","1.混凝土强度等级：C40商品砼（混凝土甲供）\n2.吊车等相关机械费用、辅材以及相关措施费用由投标人自行考虑，包含在综合单价内\n3.砼现场泵送采用的机械种类及方式：投标人自行确定，泵送费用和泵送运距已综合考虑在单价中\n4.做法：满足设计及现行施工技术、质量验收规范要求","m3",115,{"v":70,"d":"70.00"},{"v":8050,"d":"8050.00"},null,"/",{"v":0,"d":"0.00"},{"v":0,"d":"0.00"},"/"]
[12,"二次浇筑混凝土 C25混凝土","1.混凝土强度等级：C25混凝土（混凝土甲供）\n2.吊车等相关机械费用、辅材以及相关措施费用由投标人自行考虑，包含在综合单价内\n3.砼现场泵送采用的机械种类及方式：投标人自行确定，泵送费用和泵送运距已综合考虑在单价中\n4.做法：满足设计及现行施工技术、质量验收规范要求","m3",25,{"v":70,"d":"70.00"},{"v":1750,"d":"1750.00"},null,"/",{"v":0,"d":"0.00"},{"v":0,"d":"0.00"},"/"]
[13,"二次浇筑混凝土 C35防水混凝土","1.混凝土强度等级：C35防水混凝土（混凝土甲供）\n2.吊车等相关机械费用、辅材以及相关措施费用由投标人自行考虑，包含在综合单价内\n3.砼现场泵送采用的机械种类及方式：投标人自行确定，泵送费用和泵送运距已综合考虑在单价中\n4.做法：满足设计及现行施工技术、质量验收规范要求","m3",65,{"v":70,"d":"70.00"},{"v":4550,"d":"4550.00"},null,"/",{"v":0,"d":"0.00"},{"v":0,"d":"0.00"},"/"]
[14,"现浇构件钢筋 制作、安装","1.钢筋种类、规格：综合（钢筋甲供）、抗震钢筋的采用根据设计要求\n2.钢筋连接方式：各种连接方式投标人综合考虑在报价中\n3.其他：甲方将钢筋运至现场指定点后的卸车、堆放、储存、场内转运、保护、及除锈等工作；钢筋制作、吊运、安装、固定、保护层垫块安装以及其他相关附属及所有工作\n4.计量规则：依据图纸所示，按钢筋设计重量计算，不计搭接、损耗、固定钢筋的材料、定位架立钢筋、吊装钢筋、钢板、铁丝焊条等，除甲供材外，其他附属材料均自行购买，已包含在此单价中\n5.未尽事宜满足设计及现行技术、质量验收规范要求","t",185,{"v":1200,"d":"1200.00"},{"v":222000,"d":"222000.00"},null,"/",{"v":0,"d":"0.00"},{"v":0,"d":"0.00"},"/"]
[" ","分部小计 ",""," "," ","",{"v":388950,"d":"388950.00"},{"$nulls":3},{"v":0,"d":"0.00"},{"v":0,"d":"0.00"}]
[null,"桥面工程 ",""," "," ","",""]
[15,"栏杆","1.立柱材质、规格：5厚热镀锌矩管立柱定型加工（中国红金属漆）间距2000与钢箱梁焊接固定；\n2.扶手材质、规格：5厚φ80圆管定型加工（中国红金属漆）与矩管焊接固定；\n3.横向拉杆材质、规格：3厚φ30圆管定型加工（中国红金属漆），与矩管焊接固定；\n4.栏杆立柱底部和箱梁焊接固定，做法满足设计及规范要求；\n6.具体做法详见施工图；\n7.综合单价包含完成该工作所需的人工，材料（含主材、辅材、周转材料），机械费（含机械的进出场费），措施费（安全施工费、季节性施工、临时设施、夜间施工、二次搬运等）、规费、税金等所有相关费用。","m",2250,{"v":530,"d":"530.00"},{"v":1192500,"d":"1192500.00"},null,null,{"v":0,"d":"0.00"},{"v":0,"d":"0.00"},{"v":0,"d":"0.00"},"材料及人工费需分开报价；材料最终结算数量以图算工程量为准"]
[16,"3厚穿孔铝单板","1.主龙骨材质、规格：100X200（150）X10热镀锌矩管定型加工（中国红金属漆）间距2000、5厚φ100圆管定型加工（中国红金属漆）间距800、20#A工字钢（中国红金属漆）与矩管龙骨焊接固定；\n2.冲孔板材质、规格：3厚穿孔铝单板（中国红金属漆）孔径φ3cm，孔隙率40%,具体做法详设计；\n3.具体做法详见施工图，深化审计样式需与业主确认，并通过桥梁设计进行结构稳定性验算；\n4.综合单价包含二次深化设计、完成该工作所需的人工，材料（含主材、辅材、周转材料、加工费、运费、下车费等），机械费（含机械的进出场费）、脚手架、吊装等，措施费（安全施工费、季节性施工、临时设施、夜间施工、二次搬运等）、规费、税金等所有相关费用。\n5.工程量结算规格：结算时按弧面展开面积计算；","m2",1000,{"v":1000,"d":"1000.00"},{"v":1000000,"d":"1000000.00"},null,null,{"v":0,"d":"0.00"},{"v":0,"d":"0.00"},{"v":0,"d":"0.00"},"材料及人工费需分开报价；材料最终结算数量以图算工程量为准"]
[17,"桥面排（泄）水管 φ100","1.材料品种：PVC\n2.管径：φ100\n3.安装方式：详设计，弯管、管件包含在综合单价内\n4.做法：满足设计及现行施工技术、质量验收规范要求                                                                                                5.管道表面刷色（颜色现场确认）","m",200,{"v":30,"d":"30.00"},{"v":6000,"d":"6000.00"},null,null,{"v":0,"d":"0.00"},{"v":0,"d":"0.00"},{"v":0,"d":"0.00"},"材料及人工费需分开报价；材料最终结算数量以图算工程量为准"]
[18,"伸缩缝","1.类型：伸缩缝\n2.材料品种：镀锌铁皮（2mm），沥青麻丝，环氧树脂\n3.其他具体做法详设计并满足现行施工、技术、质量验收规范要求","m",50,{"v":1200,"d":"1200.00"},{"v":60000,"d":"60000.00"},null,"/",{"v":0,"d":"0.00"},{"v":0,"d":"0.00"},"/"]
[19,"铸铁地漏 DN100","1.材料品种：铸铁地漏\n2.规格：DN100\n3.具体做法：详见设计\n4.满足设计及现行施工技术、质量验收规范要求","个",66,{"v":100,"d":"100.00"},{"v":6600,"d":"6600.00"},null,"/",{"v":0,"d":"0.00"},{"v":0,"d":"0.00"},"/"]
[20,"反光涂料油漆","1.材料品种：反光油漆警示标识 \n2.类型 ：按设计要求\n3.规格尺寸：按设计要求\n4.其他具体做法详设计并满足现行施工、技术、质量验收规范要求","m2",15.1,{"v":25,"d":"25.00"},{"v":377.5,"d":"377.50"},null,"/",{"v":0,"d":"0.00"},{"v":0,"d":"0.00"},"/"]
[21,"标志牌","1.类型：800*800限高标牌 \n2.材质、规格尺寸：铝合金面板，厚度详设计\n3.板面反光膜等级：工程级反光膜\n4.其他具体做法详设计并满足现行施工、技术、质量验收规范要求","个","4",{"v":500,"d":"500.00"},{"v":2000,"d":"2000.00"},null,"/",{"v":0,"d":"0.00"},{"v":0,"d":"0.00"},"/"]
[22,"泄水管管盖（格栅盖板）","1.格栅盖板规格尺寸：260mm*140mm；\n2.材质：铸铁盖板；\n3.做法：满足设计及现行施工技术、质量验收规范要求。","套",66,150,{"v":9900,"d":"9900.00"},null,"/",{"v":0,"d":"0.00"},{"v":0,"d":"0.00"},"/"]
[" ","分部小计 ",""," "," ","",{"v":2277377.5,"d":"2277377.50"},{"$nulls":3},{"v":0,"d":"0.00"},{"v":0,"d":"0.00"}]
[" ","钢结构工程 ",""," "," ","",""]
[23,"成品箱形钢梁（斜面、曲线、螺旋流线型）","1.成品钢材品种、规格：成品箱形钢梁（斜面、曲线、螺旋流线型），Q355C，具体规格详设计施工图\n2.安装高度：综合\n3.钢构件防腐及表面处理工艺:（1）各防腐面表面均应先进行喷砂除锈至Sa2.5级（GB/T 8923）标准。如在喷砂和施工期间出现氧化现象，表面则应再行喷砂至规定标准。钢材表面粗糙度为Rz50μm～80μm。\n（2）钢箱梁外露表面：在节段钢箱完成后，\n①除去车间底漆、喷砂、除锈；\n②环氧富锌底漆60µm；\n③环氧云铁中间漆2道100µm；\n④丙稀酸聚氨酯面漆1道40µm（工厂）； \n⑤丙稀酸聚氨酯面漆1道40µm(现场施工，颜色：中国红)。\n总干膜厚度240µm。\n（3）钢箱梁内表面：\n①环氧磷酸锌底漆60µm；\n②环氧云铁面漆2道100µm。\n总干膜厚度160µm。\n（4）伸缩缝处钢箱梁端头\n①除去车间底漆、喷砂、除锈；\n②环氧富锌底漆80µm；\n③环氧云铁中间漆2道120µm；\n④丙稀酸聚氨酯面漆2道50µm（工厂）； \n⑤聚硅氧烷面漆1道50µm（施工现场，颜色：中国红）；\n总干膜厚度300µm。按设计施工图要求，费用包含在报价内。\n4.安装要求：螺栓（含高强螺栓）、支座、橡胶垫板、固定配件和连接配件等材料种类规格：详见设计施工图，现场施工满足设计及规范要求，其费用已综合考虑在单价中\n5.钢结构连接处、探伤、焊缝要求及做法满足设计及相关规范要求；（焊缝综合考虑到单价内，不单独计量计价）\n6.伸缩缝：做法详见设计，费用包含在报价内。\n7.支座具体规格详设计施工图，费用包含在报价内。\n8.钢构件场内、外运输：运距由投标人自行确定，费用包含在报价内。\n9.其他：该单价费用已包括安装、拼接、吊装、调试和成品保护等费用，相关机械及措施费用投标人报价时应充分考虑；\n10.做法：满足设计及现行施工技术、质量验收规范要.                                                                                                                                                               11.相关大型机械进出场费用包含在报价内，不再单独计算。\n12.防雷接地：满足设计和相应规范要求","t",1900,{"v":11000,"d":"11000.00"},{"v":20900000,"d":"20900000.00"},null,null,{"v":0,"d":"0.00"},{"v":0,"d":"0.00"},{"v":0,"d":"0.00"},"材料及人工费需分开报价；材料最终结算数量以图算工程量为准"]
[24,"\"Y\"、\"V\"型钢桥墩","1.成品钢材品种、规格：\"Y\"、\"V\"型钢桥墩，Q355C，具体规格详设计施工图\n2.安装高度：综合\n3.钢构件防腐及表面处理工艺:（1）各防腐面表面均应先进行喷砂除锈至Sa2.5级（GB/T 8923）标准。如在喷砂和施工期间出现氧化现象，表面则应再行喷砂至规定标准。钢材表面粗糙度为Rz50μm～80μm。\n（2）外露表面：\n①除去车间底漆、喷砂、除锈；\n②环氧富锌底漆60µm；\n③环氧云铁中间漆2道100µm；\n④丙稀酸聚氨酯面漆1道40µm（工厂）； \n⑤丙稀酸聚氨酯面漆1道40µm(现场施工，颜色：中国红)。\n总干膜厚度240µm。\n（3）内表面：\n①环氧磷酸锌底漆60µm；\n②环氧云铁面漆2道100µm。\n总干膜厚度160µm。按设计施工图要求，费用包含在报价内。\n4.安装要求：螺栓（含高强螺栓）、橡胶垫板、固定配件和连接配件等材料种类规格：详见设计施工图，现场施工满足设计及规范要求，其费用已综合考虑在单价中\n5.钢结构连接处、探伤、焊缝要求及做法满足设计及相关规范要求（焊缝综合考虑到单价内，不单独计量计价）\n6.钢构件场内、外运输：运距由投标人自行确定，费用包含在报价内。\n7.其他：该单价费用已包括安装、拼接、吊装、调试和成品保护等费用，投标人报价时应充分考虑；\n8.做法：满足设计及现行施工技术、质量验收规范要求                                                                                                                                                                                                                                                                                                 9.相关大型机械进出场费用包含在报价内，不再单独计算。\n10.防雷接地：满足设计和相应规范要求","t",240,{"v":10500,"d":"10500.00"},{"v":2520000,"d":"2520000.00"},null,null,{"v":0,"d":"0.00"},{"v":0,"d":"0.00"},{"v":0,"d":"0.00"},"材料及人工费需分开报价；材料最终结算数量以图算工程量为准"]
[25,"预埋件（含螺栓）","1.预埋件品种、规格：综合考虑，具体规格详设计施工图\n2.安装高度：详见设计施工图 \n3.预埋件具体做法按设计施工图要求\n4.安装要求：螺栓、橡胶垫板、固定配件和连接配件等材料种类规格：详见设计施工图，现场施工满足设计及规范要求，其费用已综合考虑在单价中\n5.预埋件连接处和探伤做法：详见设计施工图，满足设计及规范要求\n6.钢构件场内、外运输：运距由投标人自行确定，费用包含在报价内\n7.其他：该单价费用已包括安装、拼接和吊装费用，投标人报价时应充分考虑；\n8.做法：满足设计及现行施工技术、质量验收规范要求。                                                                                                                                                                 9.相关大型机械进出场费用包含在报价内，不再单独计算。10.防雷接地：满足设计和相应规范要求","t",45,{"v":6000,"d":"6000.00"},{"v":270000,"d":"270000.00"},null,null,{"v":0,"d":"0.00"},{"v":0,"d":"0.00"},{"v":0,"d":"0.00"},"材料及人工费需分开报价；材料最终结算数量以图算工程量为准"]
[" ","分部小计 ",""," "," ","",{"v":23690000,"d":"23690000.00"},{"$nulls":3},{"v":0,"d":"0.00"},{"v":0,"d":"0.00"}]
[null,"混凝土模板及支架（撑 ） "]
[26,"垫层模板安、拆","1.支模高度：综合\r\n2.模板类型：木模、组合钢模板、竹胶合板等综合\r\n3.支架材料：钢管、竹、木支架综合，断面尺寸、材质、工艺等符合设计和施工验收规范要求\r\n4.本项目投标人应根据施工经验,现场实际情况和企业自身情况综合报价,不论采用何种支模方式综合报价","m2",30,{"v":35,"d":"35.00"},{"v":1050,"d":"1050.00"},null,"/",{"v":0,"d":"0.00"},{"v":0,"d":"0.00"},"/"]
[27,"承台模板安、拆","1.支模高度：综合\r\n2.模板类型：木模、组合钢模板、竹胶合板等综合\r\n3.支架材料：钢管、竹、木支架综合，断面尺寸、材质、工艺等符合设计和施工验收规范要求\r\n4.本项目投标人应根据施工经验,现场实际情况和企业自身情况综合报价,不论采用何种支模方式综合报价","m2",985,{"v":70,"d":"70.00"},{"v":68950,"d":"68950.00"},null,"/",{"v":0,"d":"0.00"},{"v":0,"d":"0.00"},"/"]
[28,"柱模板安、拆（含接桩）","1.支模高度：综合\r\n2.模板类型：木模、组合钢模板、竹胶合板等综合\r\n3.支架材料：钢管、竹、木支架综合，断面尺寸、材质、工艺等符合设计和施工验收规范要求\r\n4.本项目投标人应根据施工经验,现场实际情况和企业自身情况综合报价,不论采用何种支模方式综合报价","m2",960,{"v":70,"d":"70.00"},{"v":67200,"d":"67200.00"},null,"/",{"v":0,"d":"0.00"},{"v":0,"d":"0.00"},"/"]
[29,"桥台模板安、拆","1.支模高度：综合\r\n2.模板类型：木模、组合钢模板、竹胶合板等综合\r\n3.支架材料：钢管、竹、木支架综合，断面尺寸、材质、工艺等符合设计和施工验收规范要求\r\n4.本项目投标人应根据施工经验,现场实际情况和企业自身情况综合报价,不论采用何种支模方式综合报价","m2",120,{"v":70,"d":"70.00"},{"v":8400,"d":"8400.00"},null,"/",{"v":0,"d":"0.00"},{"v":0,"d":"0.00"},"/"]
[30,"盖梁模板安、拆","1.支模高度：综合\r\n2.模板类型：木模、组合钢模板、竹胶合板等综合\r\n3.支架材料：钢管、竹、木支架综合，断面尺寸、材质、工艺等符合设计和施工验收规范要求\r\n4.本项目投标人应根据施工经验,现场实际情况和企业自身情况综合报价,不论采用何种支模方式综合报价","m2",300,{"v":70,"d":"70.00"},{"v":21000,"d":"21000.00"},null,"/",{"v":0,"d":"0.00"},{"v":0,"d":"0.00"},"/"]
[31,"二次浇筑模板安、拆","1.支模高度：综合\n2.模板类型：木模、组合钢模板、竹胶合板等综合\n3.支架材料：钢管、竹、木支架综合，断面尺寸、材质、工艺等符合设计和施工验收规范要求\n4.本项目投标人应根据施工经验,现场实际情况和企业自身情况综合报价,不论采用何种支模方式综合报价","m2",150,{"v":35,"d":"35.00"},{"v":5250,"d":"5250.00"},null,"/",{"v":0,"d":"0.00"},{"v":0,"d":"0.00"},"/"]
[32,"系梁模板安、拆","1.支模高度：综合\r\n2.模板类型：木模、组合钢模板、竹胶合板等综合\r\n3.支架材料：钢管、竹、木支架综合，断面尺寸、材质、工艺等符合设计和施工验收规范要求\r\n4.本项目投标人应根据施工经验,现场实际情况和企业自身情况综合报价,不论采用何种支模方式综合报价","m2",520,{"v":70,"d":"70.00"},{"v":36400,"d":"36400.00"},null,"/",{"v":0,"d":"0.00"},{"v":0,"d":"0.00"},"/"]
[null,"分部小计 ",{"$nulls":4},{"v":208250,"d":"208250.00"},{"$nulls":3},{"v":0,"d":"0.00"},{"v":0,"d":"0.00"}]
[33,"护栏灯 8W","1.名称：护栏灯 \n2.型号、规格 ：8W/LED（灯具甲供）\n3.灯具基础：详见施工图\n4.接地要求：详见施工图\n5.具体做法：满足设计及现行施工技术、质量验收规范要求。\n6.检验及试验要求：按设计要求和相关施工、验收规范调试\n","套",1200,{"v":10,"d":"10.00"},12000,null,"/",{"v":0,"d":"0.00"},{"v":0,"d":"0.00"},"/"]
[34,"点光源 6W","1.名称：点光源 \n2.型号、规格 ：6W/LED（灯具甲供）\n3.灯具基础：详见施工图\n4.接地要求：详见施工图\n5.具体做法：满足设计及现行施工技术、质量验收规范要求。\n6.检验及试验要求：按设计要求和相关施工、验收规范调试\n","套",300,{"v":10,"d":"10.00"},3000,null,"/",{"v":0,"d":"0.00"},{"v":0,"d":"0.00"},"/"]
[35,"电线管安装φ15","1.名称、材质、规格：钢管 φ15                                                              2.连接形式 ：焊接，相关人工、机械、辅材等相关费用均包含在报价内\n3.铺设深度 ：详见设计\n4.具体做法：满足设计及现行施工技术、质量验收规范要求。\n","m",1800,{"v":10.5,"d":"10.50"},18900,null,null,{"v":0,"d":"0.00"},{"v":0,"d":"0.00"},0,"材料及人工费需分开报价；材料最终结算数量以图算工程量为准"]
[36,"电线管安装φ50","1.名称、材质、规格：钢管 φ50                                                                          2.连接形式 ：贴栏杆柱安装，相关人工、机械、辅材等相关费用均包含在报价内\n3.铺设深度 ：详见设计\n5.具体做法：满足设计及现行施工技术、质量验收规范要求。\n","m",2000,{"v":12.5,"d":"12.50"},25000,null,null,{"v":0,"d":"0.00"},{"v":0,"d":"0.00"},0,"材料及人工费需分开报价；材料最终结算数量以图算工程量为准"]
[37,"接线端子盒","1.名称、材质、规格：PVC  IP65                                                                            2.连接形式 ：焊接，相关人工、机械、辅材等相关费用均包含在报价内\n3.铺设深度 ：详见设计\n5.具体做法：满足设计及现行施工技术、质量验收规范要求。\n","个",1200,{"v":10,"d":"10.00"},12000,null,"/",{"v":0,"d":"0.00"},{"v":0,"d":"0.00"},"/"]
[38,"电力电缆YJV-5*10","1.名称：电力电缆； \n2.型号、规格、材质：YJV-0.6/1KV-5*10（电缆甲供）；\n3.敷设方式 ：穿管暗敷；\n4.具体做法：满足设计及现行施工技术、质量验收规范要求。\n5.检验及试验要求：按设计要求和相关施工、验收规范调试","m",2200,{"v":10,"d":"10.00"},22000,null,"/",{"v":0,"d":"0.00"},{"v":0,"d":"0.00"},"/"]
[null,"分部小计 ",{"$nulls":4},{"v":92900,"d":"92900.00"},{"$nulls":3},{"v":0,"d":"0.00"},{"v":0,"d":"0.00"}]
[null,"合    计",null,"","","",{"v":26702977.5,"d":"26702977.50"},{"$nulls":3},{"v":0,"d":"0.00"},{"v":0,"d":"0.00"}]
["说明：\n1、工程招标和分包范围：本工程所属范围的1#桥施工。包括：本工程设计施工图、图纸会审、设计变更、技术核定单中的桥梁工程所有施工工作内容。桥梁的3mm厚穿孔铝单板曲面造型、桥梁的栏杆均包含在本次招标范围内，投标人需实施栏杆及装饰板预埋件；\n2.投标人根据施工工艺、工序及国家现行规范自行踏勘现场后综合考虑进行报价，结算时不作调整;\n3.全费用综合单价包含人工费、所有材料费（含辅材和周转材料费）、机械设备费、工具器具费、临时设施及措施费、大型机械进出场及场内转运费、下车费、吊装费、规费、管理费、配合费、安全文明施工费、以及各种风险费、保险费、施工过程中办理的各种手续费、降水费、排水费、各种检测费、利润、税费等完成该工作所需的全部费用，结算时无论涨跌、工程量增减或其它任何风险因素，均不作调整。\n4.施工现场无临时用电，施工中所用临时用电的发电机、配电箱、用电线路、开关箱、机具等由乙方自行综合考虑，所需材料、设备及安、拆费用均包含在综合单价中。                                                                                                                                        5.工程涉及的现场焊缝探伤和防雷接地等相关检测费用，投标人综合考虑在报价内，由投标人承担。                                                                                            6.钢结构和钢筋砼结构以及周转性钢结构支撑所需脚手架费用，投标人综合考虑包含在报价内，不再单独计费。                                                                                                                                                                                    7、甲供材料的到场下车、场内运输、保管均有投标人负责，费用包含在报价内。                                                                                                                                  8.涉及危大工程进行专家论证所发生的相关费用由投标人承担。"]

{"sheet":"吊桥","index":2,"n_rows":27,"n_cols":13,"rows_kept":27,"merged":[[0,0,0,12],[1,0,2,0],[1,1,2,1],[1,2,2,2],[1,3,2,3],[1,4,2,4],[1,5,1,11],[1,12,2,12],[25,1,25,2],[26,0,26,12]],"flags":["formulas_cached_only"]}
["2023年“P”项目吊桥工程量清单与报价表"]
["序号","项目名称","项目特征","计量\r\n单位","工程量","金额（元）",{"$nulls":6},"备注"]
[null,"","","","","全费用单价限价单价","合价","班组所报劳务单价（含材料制作、安装、辅材等费用，含3%普票）","班组所报主要材料单价（不含材料制作加工费用，含损耗、含13%专票）","劳务+材料单价合计（即：班组所报全费用单价）","全费用单价合价","其中：主要材料费用合价"]
["1","挖基坑土石方","1.土石类别：各类土、石(含淤泥)综合，以及现场建(废)渣综合\n2.基础类型：综合\n3.开挖或开凿深度：综合，满足设计要求\n4.基底摊座要求：现行施工技术、质量验收规范要求，费用包含在报价内\n5.土石方开挖方式：综合，由投标人综合考虑\n6.土、石渣上车及场内运输：多余土方运至项目部指定场内位置（运距3km以内），运输方式由投标人综合考虑，费用包含在报价内\n7.做法：满足设计及现行施工技术、质量验收规范要求","m3",1000,{"v":18,"d":"18.00"},{"v":18000,"d":"18000.00"},null,"/",{"v":0,"d":"0.00"},{"v":0,"d":"0.00"},"/"]
["2","场内取土回填方","1.填方材料品种：综合，但需满足设计要求\n2.密实度：回填土分层夯填，压实系数满足设计要求\n3.回填土来源及场内外运输方式、运距：场内项目部指定位置取土（运距3km以内），\n4.做法：满足设计及现行施工技术、质量验收规范要求","m3",500,{"v":7,"d":"7.00"},{"v":3500,"d":"3500.00"},null,"/",{"v":0,"d":"0.00"},{"v":0,"d":"0.00"},"/"]
["3","混凝土垫层 C20商品砼（承台）","1.混凝土强度等级：C20商品砼（混凝土甲供）\n2.吊车等相关机械费用、辅材以及相关措施费用由投标人自行考虑，包含在综合单价内\n3.砼现场泵送采用的机械种类及方式：投标人自行确定，泵送费用和泵送运距已综合考虑在单价中\n4.做法：满足设计及现行施工技术、质量验收规范要求","m3",35,{"v":60,"d":"60.00"},{"v":2100,"d":"2100.00"},null,"/",{"v":0,"d":"0.00"},{"v":0,"d":"0.00"},"/"]
["4","垫层模板安、拆","1.支模高度：综合\r\n2.模板类型：木模、组合钢模板、竹胶合板等综合\r\n3.支架材料：钢管、竹、木支架综合，断面尺寸、材质、工艺等符合设计和施工验收规范要求\r\n4.本项目投标人应根据施工经验,现场实际情况和企业自身情况综合报价,不论采用何种支模方式综合报价","m2",3.48,{"v":35,"d":"35.00"},{"v":121.8,"d":"121.80"},null,"/",{"v":0,"d":"0.00"},{"v":0,"d":"0.00"},"/"]
["5","混凝土承台 C30商品砼","1.混凝土强度等级：C30商品砼（混凝土甲供）\n2.吊车等相关机械费用、辅材以及相关措施费用由投标人自行考虑，包含在综合单价内\n3.砼现场泵送采用的机械种类及方式：投标人自行确定，泵送费用和泵送运距已综合考虑在单价中\n4.做法：满足设计及现行施工技术、质量验收规范要求","m3",360,{"v":70,"d":"70.00"},{"v":25200,"d":"25200.00"},null,"/",{"v":0,"d":"0.00"},{"v":0,"d":"0.00"},"/"]
["6","承台模板安、拆","1.支模高度：综合\n2.模板类型：木模、组合钢模板、竹胶合板等综合\n3.支架材料：钢管、竹、木支架综合，断面尺寸、材质、工艺等符合设计和施工验收规范要求\n4.本项目投标人应根据施工经验,现场实际情况和企业自身情况综合报价,不论采用何种支模方式综合报价","m2",85,{"v":70,"d":"70.00"},{"v":5950,"d":"5950.00"},null,"/",{"v":0,"d":"0.00"},{"v":0,"d":"0.00"},"/"]
["7","混凝土柱 C40商品砼","1.混凝土强度等级：C40商品砼（混凝土甲供）\n2.吊车等相关机械费用、辅材以及相关措施费用由投标人自行考虑，包含在综合单价内\n3.砼现场泵送采用的机械种类及方式：投标人自行确定，泵送费用和泵送运距已综合考虑在单价中\n4.做法：满足设计及现行施工技术、质量验收规范要求","m3",99.12,{"v":70,"d":"70.00"},{"v":6938.4,"d":"6938.40"},null,"/",{"v":0,"d":"0.00"},{"v":0,"d":"0.00"},"/"]
["8","柱模板安、拆（含接桩）","1.支模高度：综合\n2.模板类型：木模、组合钢模板、竹胶合板等综合\n3.支架材料：钢管、竹、木支架综合，断面尺寸、材质、工艺等符合设计和施工验收规范要求\n4.本项目投标人应根据施工经验,现场实际情况和企业自身情况综合报价,不论采用何种支模方式综合报价","m2",252,{"v":70,"d":"70.00"},{"v":17640,"d":"17640.00"},null,"/",{"v":0,"d":"0.00"},{"v":0,"d":"0.00"},"/"]
["9","混凝土梁（含异形梁） C40商品砼","1.混凝土强度等级：C40商品砼（混凝土甲供）\n2.吊车等相关机械费用、辅材以及相关措施费用由投标人自行考虑，包含在综合单价内\n3.砼现场泵送采用的机械种类及方式：投标人自行确定，泵送费用和泵送运距已综合考虑在单价中\n4.做法：满足设计及现行施工技术、质量验收规范要求","m3",57.364,{"v":70,"d":"70.00"},4015.48,null,"/",{"v":0,"d":"0.00"},{"v":0,"d":"0.00"},"/"]
["10","梁模板安、拆（含异形梁）","1.支模高度：综合\n2.模板类型：木模、组合钢模板、竹胶合板等综合\n3.支架材料：钢管、竹、木支架综合，断面尺寸、材质、工艺等符合设计和施工验收规范要求\n4.本项目投标人应根据施工经验,现场实际情况和企业自身情况综合报价,不论采用何种支模方式综合报价","m2",167.97,{"v":70,"d":"70.00"},{"v":11757.9,"d":"11757.90"},null,"/",{"v":0,"d":"0.00"},{"v":0,"d":"0.00"},"/"]
["11","混凝土现浇板 C40商品砼","1.混凝土强度等级：C40商品砼（混凝土甲供）\n2.吊车等相关机械费用、辅材以及相关措施费用由投标人自行考虑，包含在综合单价内\n3.砼现场泵送采用的机械种类及方式：投标人自行确定，泵送费用和泵送运距已综合考虑在单价中\n4.做法：满足设计及现行施工技术、质量验收规范要求","m3",15.21,{"v":70,"d":"70.00"},{"v":1064.7,"d":"1064.70"},null,"/",{"v":0,"d":"0.00"},{"v":0,"d":"0.00"},"/"]
["12","板模板安、拆","1.支模高度：综合\n2.模板类型：木模、组合钢模板、竹胶合板等综合\n3.支架材料：钢管、竹、木支架综合，断面尺寸、材质、工艺等符合设计和施工验收规范要求\n4.本项目投标人应根据施工经验,现场实际情况和企业自身情况综合报价,不论采用何种支模方式综合报价","m2",113.1,{"v":70,"d":"70.00"},{"v":7917,"d":"7917.00"},null,"/",{"v":0,"d":"0.00"},{"v":0,"d":"0.00"},"/"]
["13","现浇构件钢筋 制作、安装","1.钢筋种类、规格：综合（钢筋甲供）、抗震钢筋的采用根据设计要求\n2.钢筋连接方式：各种连接方式投标人综合考虑在报价中\n3.其他：甲方将钢筋运至现场指定点后的卸车、堆放、储存、场内转运、保护、及除锈等工作；钢筋制作、吊运、安装、固定、保护层垫块安装以及其他相关附属及所有工作\n4.计量规则：依据图纸所示，按钢筋设计重量计算，不计搭接、损耗、固定钢筋的材料、定位架立钢筋、吊装钢筋、钢板、铁丝焊条等，除甲供材外，其他附属材料均自行购买，已包含在此单价中\n5.未尽事宜满足设计及现行技术、质量验收规范要求","t",45.448,{"v":1200,"d":"1200.00"},{"v":54537.6,"d":"54537.60"},null,"/",{"v":0,"d":"0.00"},{"v":0,"d":"0.00"},"/"]
["14","抗风拉索","1.材质：6X19W+IWR Ф12钢丝绳,破断力为90.7kN，AB类镀锌。                                                                                                          2.固定方式：详见设计，钢夹板及配套螺栓和绳卡费用包含在报价内。                                      3.防腐要求满足设计要求，费用包含在报价内。                                                   4.加工、安装所需机械、人工、及相应措施费用均包含在投标人报价内。                                             ","根",2,1800,{"v":3600,"d":"3600.00"},null,null,{"v":0,"d":"0.00"},{"v":0,"d":"0.00"},{"v":0,"d":"0.00"},"材料及人工费需分开报价；材料最终结算数量以图算工程量为准"]
["15","抗风主索","1.材质：6X26WS+IWR-1770 Ф20钢丝绳,破断力为252KN，AB类镀锌。                                                                                                         2.固定方式：详见设计，预埋铁件、弧形钢板、螺栓和绳卡费用均包含在报价内。                                                                                                                                                                           3.防腐要求满足设计要求，费用包含在报价内。                                                                                                                                                                                                                             4.加工、安装所需机械、人工、及相应措施费用均包含在投标人报价内。                                              ","根",2,1800,{"v":3600,"d":"3600.00"},null,null,{"v":0,"d":"0.00"},{"v":0,"d":"0.00"},{"v":0,"d":"0.00"},"材料及人工费需分开报价；材料最终结算数量以图算工程量为准"]
["16","主索","1.材质：6x36WS+IWR-1770 Ф46钢丝绳,破断力为1330kN。                                                                                                       2.固定方式：详见设计，钢夹板及配套螺栓和绳卡费用包含在报价内。                                      3.防腐要求满足设计要求，费用包含在报价内。                                                   4.加工、安装所需机械、人工、及相应措施费用均包含在投标人报价内。                                            ","根",10,8000,{"v":80000,"d":"80000.00"},null,null,{"v":0,"d":"0.00"},{"v":0,"d":"0.00"},{"v":0,"d":"0.00"},"材料及人工费需分开报价；材料最终结算数量以图算工程量为准"]
["17","桥面栏杆","1.材质：80*40*3矩形钢管，6x19 W+IWR-1770 Ф20 钢丝绳，破断力为252KN。                                                                                                      2.栏杆索连接方式：在立柱上缠统三圈后,用7个绳卡卡死,栏杆索线型与成桥线型-致。                                                                                                                                                                            3.立柱连接方式详见设计，满足相关验收规范，相关螺栓、橡胶护垫等包含在报价内。                                                                                                                                        4.高度：1.5m                                                                                   5.防腐要求满足设计要求，费用包含在报价内。                                                 6.加工、安装所需机械、人工、及相应措施费用均包含在投标人报价内。                                                           ","m",120,300,{"v":36000,"d":"36000.00"},null,null,{"v":0,"d":"0.00"},{"v":0,"d":"0.00"},{"v":0,"d":"0.00"},"材料及人工费需分开报价；材料最终结算数量以图算工程量为准"]
["18","H型钢横梁","1.材质：HW 200*200*8/12mm。                                                                2.尺寸：210cm*38cm*5cm、100cm*4cm*3cm。                                                        3.连接方式详见设计，钢夹板及配套螺栓和绳卡费用包含在报价内。                                                                                                                                                                                    4.防腐要求满足设计要求，费用包含在报价内。                                                                                                                                                                                5.加工、安装所需机械、人工、及相应措施费用均包含在投标人报价内。 ","T",5.2,9000,{"v":46800,"d":"46800.00"},null,null,{"v":0,"d":"0.00"},{"v":0,"d":"0.00"},{"v":0,"d":"0.00"},"材料及人工费需分开报价；材料最终结算数量以图算工程量为准"]
["19","桥面5cm厚菠萝格防腐木","1.材质：菠萝格防腐木。                                                                2.尺寸：210cm*38cm*5cm、100cm*4cm*3cm。                                                        3.连接方式详见设计，满足相关验收规范。                         4.加工、安装所需机械、人工、及相应措施费用均包含在投标人报价内。 ","m3",6.2,8000,{"v":49600,"d":"49600.00"},null,null,{"v":0,"d":"0.00"},{"v":0,"d":"0.00"},{"v":0,"d":"0.00"},"材料及人工费需分开报价；材料最终结算数量以图算工程量为准"]
["20","304不锈钢丝网","1.不锈钢钢丝直径：2mm。                                                                2.网格尺寸：5cm*5cm。                                                        3.连接方式详见设计，满足相关验收规范。                         4.加工、安装所需机械、人工、及相应措施费用均包含在投标人报价内。 ","m2",90,80,{"v":7200,"d":"7200.00"},null,null,{"v":0,"d":"0.00"},{"v":0,"d":"0.00"},{"v":0,"d":"0.00"},"材料及人工费需分开报价；材料最终结算数量以图算工程量为准"]
["21","平台及梯步栏杆","1.钢质栏杆。                                                                                                                                                                                                        2.高度1.4m。                                                                            3.结构详见设计。                                                                                                                              4.预埋件制安详见设计，包含在报价内。                                                                                          5.栏杆表面装饰：","m",40,300,{"v":12000,"d":"12000.00"},null,null,{"v":0,"d":"0.00"},{"v":0,"d":"0.00"},{"v":0,"d":"0.00"},"材料及人工费需分开报价；材料最终结算数量以图算工程量为准"]
["22","毛石砼台阶","1.C20毛石砼台阶（砼甲供，毛石比例为30%）。                                                                                                                                                                                                     2.尺寸详见设计。                                                                                                                                                                                                          3.模板费用投标人综合考虑包含在报价内","m3",20.34,150,{"v":3051,"d":"3051.00"},null,"/",{"v":0,"d":"0.00"},{"v":0,"d":"0.00"},"/"]
[null,"合    计",{"$nulls":4},400593.88,{"$nulls":3},0,0]
["说明：\n1、工程招标和分包范围：本工程所属范围的吊桥施工。包括：本工程设计施工图、图纸会审、设计变更、技术核定单中的桥梁工程所有施工工作内容。投标人需实施相关预埋件制安工作。\n2.投标人根据施工工艺、工序及国家现行规范自行踏勘现场后综合考虑进行报价，结算时不作调整;\n3.全费用综合单价包含人工费、所有材料费（含辅材和周转材料费）、机械设备费、工具器具费、临时设施及措施费、大型机械进出场及场内转运费、下车费、吊装费、规费、管理费、配合费、安全文明施工费、以及各种风险费、保险费、施工过程中办理的各种手续费、降水费、排水费、各种检测费、利润、税费等完成该工作所需的全部费用，结算时无论涨跌、工程量增减或其它任何风险因素，均不作调整。\n4.施工现场无临时用电，施工中所用临时用电的发电机、配电箱、用电线路、开关箱、机具等由乙方自行综合考虑，所需材料、设备及安、拆费用均包含在综合单价中。                                                                                                                                        5.工程涉及的现场焊缝探伤和防雷接地等相关检测费用，投标人综合考虑在报价内，由投标人承担。                                                                                                                                                                                       6.钢结构和钢筋砼结构以及周转性钢结构支撑所需脚手架费用，投标人综合考虑包含在报价内，不再单独计费。\n7.甲供材料的到场下车、场内运输、保管均有投标人负责，费用包含在报价内。                                                                                      \n8.涉及危大工程进行专家论证所发生的相关费用由投标人承担。"]

{"sheet":"电梯结构","index":3,"n_rows":29,"n_cols":13,"rows_kept":29,"merged":[[0,0,0,12],[1,0,2,0],[1,1,2,1],[1,2,2,2],[1,3,2,3],[1,4,2,4],[1,5,1,11],[1,12,2,12],[17,13,19,13],[27,1,27,2],[28,0,28,12]],"flags":["formulas_cached_only"]}
["2023年“P”项目电梯结构工程量清单与报价表"]
["序号","项目名称","项目特征","计量\r\n单位","工程量","金额（元）",{"$nulls":6},"备注"]
[null,"","","","","全费用单价限价","合价","班组所报劳务单价（含材料制作、安装、辅材等费用，含3%普票）","班组所报主要材料单价（不含材料制作加工费用，含损耗、含13%专票）","劳务+材料单价合计（即：班组所报全费用单价）","全费用单价合价","其中：主要材料费用合价"]
["1","挖基坑土石方","1.土石类别：各类土、石(含淤泥)综合，以及现场建(废)渣综合\n2.基础类型：综合\n3.开挖或开凿深度：综合，满足设计要求\n4.基底摊座要求：现行施工技术、质量验收规范要求，费用包含在报价内\n5.土石方开挖方式：综合，由投标人综合考虑\n6.土、石渣上车及场内运输：多余土方运至项目部指定场内位置（运距3km以内），运输方式由投标人综合考虑，费用包含在报价内\n7.做法：满足设计及现行施工技术、质量验收规范要求","m3",500,{"v":18,"d":"18.00"},{"v":9000,"d":"9000.00"},null,"/",{"v":0,"d":"0.00"},{"v":0,"d":"0.00"},"/"]
["2","场内取土回填方","1.填方材料品种：综合，但需满足设计要求\n2.密实度：回填土分层夯填，压实系数满足设计要求\n3.回填土来源及场内外运输方式、运距：场内项目部指定位置取土（运距3km以内），\n4.做法：满足设计及现行施工技术、质量验收规范要求","m3",300,{"v":7,"d":"7.00"},{"v":2100,"d":"2100.00"},null,"/",{"v":0,"d":"0.00"},{"v":0,"d":"0.00"},"/"]
["3","混凝土垫层 C20商品砼","1.混凝土强度等级：C20商品砼（混凝土甲供）\n2.吊车等相关机械费用、辅材以及相关措施费用由投标人自行考虑，包含在综合单价内\n3.砼现场泵送采用的机械种类及方式：投标人自行确定，泵送费用和泵送运距已综合考虑在单价中\n4.做法：满足设计及现行施工技术、质量验收规范要求","m3",14.55,{"v":60,"d":"60.00"},{"v":873,"d":"873.00"},null,"/",{"v":0,"d":"0.00"},{"v":0,"d":"0.00"},"/"]
["4","垫层模板安、拆","1.支模高度：综合\r\n2.模板类型：木模、组合钢模板、竹胶合板等综合\r\n3.支架材料：钢管、竹、木支架综合，断面尺寸、材质、工艺等符合设计和施工验收规范要求\r\n4.本项目投标人应根据施工经验,现场实际情况和企业自身情况综合报价,不论采用何种支模方式综合报价","m2",11.76,{"v":35,"d":"35.00"},{"v":411.6,"d":"411.60"},null,"/",{"v":0,"d":"0.00"},{"v":0,"d":"0.00"},"/"]
["5","混凝土基础 C30 P8商品砼","1.混凝土强度等级：C30 P8商品砼（混凝土甲供）\n2.吊车等相关机械费用、辅材以及相关措施费用由投标人自行考虑，包含在综合单价内\n3.砼现场泵送采用的机械种类及方式：投标人自行确定，泵送费用和泵送运距已综合考虑在单价中\n4.做法：满足设计及现行施工技术、质量验收规范要求","m3",85.06,{"v":70,"d":"70.00"},{"v":5954.2,"d":"5954.20"},null,"/",{"v":0,"d":"0.00"},{"v":0,"d":"0.00"},"/"]
["6","基础模板安、拆","1.支模高度：综合\r\n2.模板类型：木模、组合钢模板、竹胶合板等综合\r\n3.支架材料：钢管、竹、木支架综合，断面尺寸、材质、工艺等符合设计和施工验收规范要求\r\n4.本项目投标人应根据施工经验,现场实际情况和企业自身情况综合报价,不论采用何种支模方式综合报价","m2",70.92,{"v":70,"d":"70.00"},{"v":4964.4,"d":"4964.40"},null,"/",{"v":0,"d":"0.00"},{"v":0,"d":"0.00"},"/"]
["7","混凝土柱  C30 P8商品砼","1.混凝土强度等级： C30 P8商品砼（混凝土甲供）\n2.吊车等相关机械费用、辅材以及相关措施费用由投标人自行考虑，包含在综合单价内\n3.砼现场泵送采用的机械种类及方式：投标人自行确定，泵送费用和泵送运距已综合考虑在单价中\n4.做法：满足设计及现行施工技术、质量验收规范要求","m3",6.1,{"v":70,"d":"70.00"},{"v":427,"d":"427.00"},null,"/",{"v":0,"d":"0.00"},{"v":0,"d":"0.00"},"/"]
["8","柱模板安、拆","1.支模高度：综合\r\n2.模板类型：木模、组合钢模板、竹胶合板等综合\r\n3.支架材料：钢管、竹、木支架综合，断面尺寸、材质、工艺等符合设计和施工验收规范要求\r\n4.本项目投标人应根据施工经验,现场实际情况和企业自身情况综合报价,不论采用何种支模方式综合报价","m2",44.96,{"v":70,"d":"70.00"},{"v":3147.2,"d":"3147.20"},null,"/",{"v":0,"d":"0.00"},{"v":0,"d":"0.00"},"/"]
["9","混凝土墙  C30 P8商品砼","1.混凝土强度等级： C30 P8商品砼（混凝土甲供）\n2.吊车等相关机械费用、辅材以及相关措施费用由投标人自行考虑，包含在综合单价内\n3.砼现场泵送采用的机械种类及方式：投标人自行确定，泵送费用和泵送运距已综合考虑在单价中\n4.做法：满足设计及现行施工技术、质量验收规范要求","m3",21.31,{"v":70,"d":"70.00"},{"v":1491.7,"d":"1491.70"},null,"/",{"v":0,"d":"0.00"},{"v":0,"d":"0.00"},"/"]
["10","墙模板安、拆","1.支模高度：综合\r\n2.模板类型：木模、组合钢模板、竹胶合板等综合\r\n3.支架材料：钢管、竹、木支架综合，断面尺寸、材质、工艺等符合设计和施工验收规范要求\r\n4.本项目投标人应根据施工经验,现场实际情况和企业自身情况综合报价,不论采用何种支模方式综合报价","m2",142.04,{"v":70,"d":"70.00"},{"v":9942.8,"d":"9942.80"},null,"/",{"v":0,"d":"0.00"},{"v":0,"d":"0.00"},"/"]
["11","二次浇筑混凝土 C20细石混凝土","1.混凝土强度等级：C20细石混凝土（混凝土甲供）\n2.吊车等相关机械费用、辅材以及相关措施费用由投标人自行考虑，包含在综合单价内\n3.砼现场泵送采用的机械种类及方式：投标人自行确定，泵送费用和泵送运距已综合考虑在单价中\n4.做法：满足设计及现行施工技术、质量验收规范要求","m3",4.06,{"v":70,"d":"70.00"},{"v":284.2,"d":"284.20"},null,"/",{"v":0,"d":"0.00"},{"v":0,"d":"0.00"},"/"]
["12","二次浇筑模板安、拆","1.支模高度：综合\r\n2.模板类型：木模、组合钢模板、竹胶合板等综合\r\n3.支架材料：钢管、竹、木支架综合，断面尺寸、材质、工艺等符合设计和施工验收规范要求\r\n4.本项目投标人应根据施工经验,现场实际情况和企业自身情况综合报价,不论采用何种支模方式综合报价","m2",27.6,{"v":35,"d":"35.00"},{"v":966,"d":"966.00"},null,"/",{"v":0,"d":"0.00"},{"v":0,"d":"0.00"},"/"]
["13","现浇构件钢筋 制作、安装","1.钢筋种类、规格：综合（钢筋甲供）、抗震钢筋的采用根据设计要求\n2.钢筋连接方式：各种连接方式投标人综合考虑在报价中\n3.其他：甲方将钢筋运至现场指定点后的卸车、堆放、储存、场内转运、保护、及除锈等工作；钢筋制作、吊运、安装、固定、保护层垫块安装以及其他相关附属及所有工作\n4.计量规则：依据图纸所示，按钢筋设计重量计算，不计搭接、损耗、固定钢筋的材料、定位架立钢筋、吊装钢筋、钢板、铁丝焊条等，除甲供材外，其他附属材料均自行购买，已包含在此单价中\n5.未尽事宜满足设计及现行技术、质量验收规范要求","t",7.795,{"v":1200,"d":"1200.00"},{"v":9354,"d":"9354.00"},null,"/",{"v":0,"d":"0.00"},{"v":0,"d":"0.00"},"/"]
["14","预埋件（含螺栓）","1.预埋件品种、规格：综合考虑，具体规格详设计施工图\n2.安装高度：详见设计施工图 \n3.预埋件具体做法按设计施工图要求\n4.安装要求：螺栓、橡胶垫板、固定配件和连接配件等材料种类规格：详见设计施工图，现场施工满足设计及规范要求，其费用已综合考虑在单价中\n5.预埋件连接处和探伤做法：详见设计施工图，满足设计及规范要求\n6.钢构件场内、外运输：运距由投标人自行确定，费用包含在报价内\n7.其他：该单价费用已包括安装、拼接和吊装费用，投标人报价时应充分考虑；\n8.做法：满足设计及现行施工技术、质量验收规范要求。                                                                                                                                                                 9.相关大型机械进出场费用包含在报价内，不再单独计算。                                                                                                                                                                                                   10.防雷接地：满足设计和相应规范要求","t",0.546,{"v":6000,"d":"6000.00"},{"v":3276,"d":"3276.00"},null,null,{"v":0,"d":"0.00"},{"v":0,"d":"0.00"},{"v":0,"d":"0.00"},"材料及人工费需分开报价；材料最终结算数量以图算工程量为准"]
["15","钢柱及加劲板","1.成品钢材品种、规格：200*200*8mm矩管，Q235，具体规格详设计施工图\n2.安装高度：综合\n3.钢构件防腐、防火及表面处理工艺按设计施工图要求，费用包含在报价内。\n4.安装要求：螺栓（含高强螺栓）、橡胶垫板、固定配件和连接配件等材料种类规格：详见设计施工图，现场施工满足设计及规范要求，其费用已综合考虑在单价中\n5.钢结构连接处、探伤、焊缝要求及做法满足设计及相关规范要求（焊缝综合考虑到单价内，不单独计量计价）\n6.钢构件场内、外运输：运距由投标人自行确定，费用包含在报价内。\n7.其他：该单价费用已包括安装、拼接、吊装、调试和成品保护等费用，投标人报价时应充分考虑；\n8.做法：满足设计及现行施工技术、质量验收规范要求                                                                                                                                                                                                                                                                                                 9.相关大型机械进出场费用包含在报价内，不再单独计算。10.防雷接地：满足设计和相应规范要求","t",40.138,{"v":9000,"d":"9000.00"},{"v":361242,"d":"361242.00"},null,null,{"v":0,"d":"0.00"},{"v":0,"d":"0.00"},{"v":0,"d":"0.00"},"材料及人工费需分开报价；材料最终结算数量以图算工程量为准"]
["16","钢梁、斜撑及加劲板","1.成品钢材品种、规格：200*150*6mm矩管，Q235，具体规格详设计施工图\n2.安装高度：综合\n3.钢构件防腐、防火及表面处理工艺按设计施工图要求，费用包含在报价内。\n4.安装要求：螺栓（含高强螺栓）、橡胶垫板、固定配件和连接配件等材料种类规格：详见设计施工图，现场施工满足设计及规范要求，其费用已综合考虑在单价中\n5.钢结构连接处、探伤、焊缝要求及做法满足设计及相关规范要求（焊缝综合考虑到单价内，不单独计量计价）\n6.钢构件场内、外运输：运距由投标人自行确定，费用包含在报价内。\n7.其他：该单价费用已包括安装、拼接、吊装、调试和成品保护等费用，投标人报价时应充分考虑；\n8.做法：满足设计及现行施工技术、质量验收规范要求                                                                                                                                                                                                                                                                                                 9.相关大型机械进出场费用包含在报价内，不再单独计算。11.防雷接地：满足设计和相应规范要求","t",45.286,{"v":9000,"d":"9000.00"},{"v":407574,"d":"407574.00"},null,null,{"v":0,"d":"0.00"},{"v":0,"d":"0.00"},{"v":0,"d":"0.00"},"材料及人工费需分开报价；材料最终结算数量以图算工程量为准"]
["17","花纹钢板平台、梯步（含角钢）","1.成品钢材品种、规格：5mm厚花纹钢板，Q235，具体规格详设计施工图\n2.安装高度：综合\n3.钢构件防腐、防火及表面处理工艺按设计施工图要求，费用包含在报价内。\n4.安装要求：螺栓（含高强螺栓）、橡胶垫板、固定配件和连接配件等材料种类规格：详见设计施工图，现场施工满足设计及规范要求，其费用已综合考虑在单价中\n5.钢结构连接处、探伤、焊缝要求及做法满足设计及相关规范要求（焊缝综合考虑到单价内，不单独计量计价）\n6.钢构件场内、外运输：运距由投标人自行确定，费用包含在报价内。\n7.其他：该单价费用已包括安装、拼接、吊装、调试和成品保护等费用，投标人报价时应充分考虑；\n8.做法：满足设计及现行施工技术、质量验收规范要求                                                                                                                                                                                                                                                                                                 9.相关大型机械进出场费用包含在报价内，不再单独计算。                                                                                                                      10.防雷接地：满足设计和相应规范要求","t",10.483,{"v":9000,"d":"9000.00"},{"v":94347,"d":"94347.00"},null,null,{"v":0,"d":"0.00"},{"v":0,"d":"0.00"},{"v":0,"d":"0.00"},"材料及人工费需分开报价；材料最终结算数量以图算工程量为准"]
["18","不锈钢栏杆制安","1.材质：304不锈钢                                 2.高度：150mm                                        3.做法：扶手为Φ60*3不锈钢管 立柱为Φ60*3不锈钢管和Φ28*1.5不锈钢管，详见15J403-1 D13 PB1     \n4.未尽事宜满足设计及现行技术、质量验收规范要求                      ","m",130,300,{"v":39000,"d":"39000.00"},null,null,{"v":0,"d":"0.00"},{"v":0,"d":"0.00"},{"v":0,"d":"0.00"},"材料及人工费需分开报价；材料最终结算数量以图算工程量为准"]
["19","不锈钢踢脚板制安","1.材质：2.0mm厚304不锈钢板                                  2.高度：150mm    \n3.未尽事宜满足设计及现行技术、质量验收规范要求                           ","m",52,90,{"v":4680,"d":"4680.00"},null,null,{"v":0,"d":"0.00"},{"v":0,"d":"0.00"},"/","材料及人工费需分开报价；材料最终结算数量以图算工程量为准"]
["20","电梯基坑处理","1.地面最薄处30mm厚C25细石混凝土找披赶平压光披向排水口或集术口。                                                                          2.1.5mm厚聚合物水泥(JS)防水涂料防水层2道                                                                                                  3.20mm厚1:25水泥砂浆找平                                                                                                                                                                                                                                                 4.30mm厚C20细石混凝土保护层                                                                                                                                            5.15mYTL-VX交叉亚模自粘SBS防水卷材,沿墙面上翻至室外地坪完成面标高-10mm处,使用JS防水涂料施工至室内建筑完成面标高0.00m处JS与SBS搭接长度不得小于100mm    \n6.未尽事宜满足设计及现行技术、质量验收规范要求                                                                                                                                                                                                                                       ","个",4,1200,{"v":4800,"d":"4800.00"},null,"/",{"v":0,"d":"0.00"},{"v":0,"d":"0.00"},"/"]
["21","玻璃雨棚制安（含T形挑梁）","1.玻璃材质：10+1.52pvb+10双层钢化夹胶玻璃                                  2.挑梁材质：T50*150~50mm，Q235，具体规格详设计施工图                                           3.尺寸：3m*1.1m\n4.未尽事宜满足设计及现行技术、质量验收规范要求","块",7,2500,{"v":17500,"d":"17500.00"},null,null,{"v":0,"d":"0.00"},{"v":0,"d":"0.00"},{"v":0,"d":"0.00"},"材料及人工费需分开报价；材料最终结算数量以图算工程量为准"]
["22","玻璃幕墙制安","1.玻璃材质：10+1.52pvb+10双层钢化夹胶玻璃                                                                                                                            2.驳接爪：304不锈钢                                                                                                                                3.其他：该单价费用已包括安装、拼接、吊装、调试和成品保护等费用，投标人报价时应充分考虑；\n4.做法：满足设计及现行施工技术、质量验收规范要求                                                                                                                                                                                                                                                                                                 5.相关大型机械进出场费用包含在报价内，不再单独计算。","m2",1050,700,{"v":735000,"d":"735000.00"},null,null,{"v":0,"d":"0.00"},{"v":0,"d":"0.00"},{"v":0,"d":"0.00"},"材料及人工费需分开报价；材料最终结算数量以图算工程量为准"]
["23","连廊地面","1.6~8mm厚300*300防滑地砖,配水泥浆擦缝                                                                                                                      2.20mrn厚1:2千硬水泷砂浆粘合层,上洒1~2厚干水泥并洒清水适量                                       \n3.15mm厚聚合物水泥(JS)防水涂料防水层2道                                                                                                                                     4.20mm厚1:3水泥砂浆找平层                                                                                                                          5.钢板上浇筑C20细石混凝土找坡赶平压光（混凝土甲供）,最薄处20mm厚,坡度05%\n6.未尽事宜满足设计及现行技术、质量验收规范要求","m2",65,110,{"v":7150,"d":"7150.00"},null,"/",{"v":0,"d":"0.00"},{"v":0,"d":"0.00"},"/"]
["24","挡水漫坡","1.20mm厚1:2水泥砂浆面层                                                                                                                                                                2.20mm厚1:1金刚砂粒(或铁屑水泥防滑条横向中距160~300,突出坡道面4mm.\n3.未尽事宜满足设计及现行技术、质量验收规范要求","m2",50,30,{"v":1500,"d":"1500.00"},null,"/",{"v":0,"d":"0.00"},{"v":0,"d":"0.00"},"/"]
[null,"合    计",{"$nulls":4},1724985.1,{"$nulls":3},0,0]
["说明：\n1、工程招标和分包范围：本工程所属范围的4个电梯结构施工（不含电梯设备）。包括：本工程设计施工图、图纸会审、设计变更、技术核定单中的所有施工工作内容。\n2.投标人根据施工工艺、工序及国家现行规范自行踏勘现场后综合考虑进行报价，结算时不作调整;\n3.全费用综合单价包含人工费、所有材料费（含辅材和周转材料费）、机械设备费、工具器具费、临时设施及措施费、大型机械进出场及场内转运费、下车费、吊装费、规费、管理费、配合费、安全文明施工费、以及各种风险费、保险费、施工过程中办理的各种手续费、降水费、排水费、各种检测费、利润、税费等完成该工作所需的全部费用，结算时无论涨跌、工程量增减或其它任何风险因素，均不作调整。\n4.施工现场无临时用电，施工中所用临时用电的发电机、配电箱、用电线路、开关箱、机具等由乙方自行综合考虑，所需材料、设备及安、拆费用均包含在综合单价中。                                                                                                                                        5.工程涉及的现场焊缝探伤和防雷接地等相关检测费用，投标人综合考虑在报价内，由投标人承担。                                                \n6.钢结构和钢筋砼结构以及周转性钢结构支撑所需脚手架费用，投标人综合考虑包含在报价内，不再单独计费。                                                                                                                                                                                    7.甲供材料的到场下车、场内运输、保管均有投标人负责，费用包含在报价内。                                                                         \n8.涉及危大工程进行专家论证所发生的相关费用由投标人承担。"]